LEADER 00868naa a2200217 u 4500 001 000000093366 003 CaOOAMICUS 005 20070226130133.0 008 010703m19361937fr u000 u fre u 035 $a10895246 040 $aPUL(R)$bita 100 1 $aGarino-Canina, Attilio.$0(OLS)http://pul/name/31469 245 14$aLe "Gold Standard" et son avenir dans les rapports internationaux /$cpar Attilio Garino-Canina. 260 $a[S. l. :$bs. n.],$c1935-1936. 300 $aP. [417-530] 504 $aBibliografia in nota. 650 4$aDiritto commerciale internazionale.$0(OLS)http://pul/subject/25158 773 0 $tRecueil des cours$gv.II (1936) 773 0 $tRecueil des cours 1936$w()59608 996 $6245$aLe "Gold Standard" et son avenir dans les rapports internationaux$9(OLS)http://pul/title/120237 996 $6260$a[S. l. :$bs. n.]$9(OLS)http://pul/publisher/47882 LEADER 01629nam a2200373 a 4500 001 000000167622 003 CaOOAMICUS 005 20180514105802.0 008 180514s2017 it acbh u000 u ita r 020 $a978-88-15-27318-5 (set)* 032 $aLibriCat 040 $aPUL$bita 082 14$a284.1 245 00$aLutero :$bun cristiano e la sua eredità, 1517-2017 /$cdirezione di Alberto Melloni. 260 $aBologna :$bIl Mulino,$c©2017. 300 $a2 v. :$bill., facsim., ritr., c. geogr. ;$c25 cm. 600 14$aLuther, Martin,$d1483-1546.$0(OLS)http://pul/subject/329 650 4$aRiforma.$0(OLS)http://pul/subject/330 700 1 $aMelloni, Alberto,$d1959-$0(OLS)http://pul/name/13983 850 $aPUL 852 $aPUL$W1$xSL Religione 3$y85$m284. 1 MELAL 1.1$j191417$bv. 1$qDDC 21$B195262$CPULBib$Z2$F195262 $H130736 $81 852 $aPUL$W1$xSL Religione 3$y85$m284. 1 MELAL 1.2$j191418$bv. 2$qDDC 21$B195263$CPULBib$Z2$F195263 $H130752 $81 941 1 $a9 960 $aMartin Lutero,$d1483-1546$9329 960 $aLuter, Martin,$d1483-1546$9329 960 $aLutero, Martino,$d1483-1546$9329 960 $aProtestantesimo$9330 960 $aProtestantesimo$9330 960 $aRiforma protestante$9330 996 $6020$a978-88-15-27318-5 (set)*$9(OLS)http://pul/number/164004 996 $6082$a284.1$9(OLS)http://pul/classification/2568 996 $6245$aLutero :$bun cristiano e la sua eredità, 1517-2017$9(OLS)http://pul/title/207721 996 $6260$aBologna :$bIl Mulino$9(OLS)http://pul/publisher/47928